Berliner Ortsteile - Statistiken

Allgemein
  • Dieses Quiz wurde 875 mal gespielt
  • Das Durchschnittsergebnis liegt bei 33 aus 96
Antwortstatistiken
Ortsteilnummer Ortsteil % Korrekt
0101 Mitte
90%
0401 Charlottenburg
81%
0202 Kreuzberg
81%
0501 Spandau
79%
1001 Marzahn
75%
0801 Neukölln
74%
0307 Pankow
74%
0201 Friedrichshain
71%
0910 Köpenick
70%
0105 Wedding
69%
1202 Tegel
66%
0301 Prenzlauer Berg
65%
0703 Tempelhof
64%
1103 Lichtenberg
61%
1201 Reinickendorf
61%
0701 Schöneberg
61%
0601 Steglitz
61%
0402 Wilmersdorf
59%
1005 Hellersdorf
57%
0102 Moabit
55%
0104 Tiergarten
55%
0607 Wannsee
54%
0604 Zehlendorf
54%
0804 Rudow
44%
0602 Lichterfelde
43%
0106 Gesundbrunnen
40%
0404 Grunewald
40%
0605 Dahlem
39%
0802 Britz
37%
0302 Weißensee
36%
0309 Buch
35%
0704 Mariendorf
34%
0503 Siemensstadt
33%
0706 Lichtenrade
32%
0705 Marienfelde
31%
0405 Westend
31%
0702 Friedenau
30%
1003 Kaulsdorf
30%
0907 Adlershof
29%
0505 Gatow
29%
0305 Karow
29%
0504 Staaken
29%
1209 Wittenau
29%
1101 Friedrichsfelde
28%
1205 Frohnau
28%
1004 Mahlsdorf
28%
1002 Biesdorf
27%
0805 Gropiusstadt
27%
0506 Kladow
27%
1210 Märkisches Viertel
27%
0909 Oberschöneweide
27%
0803 Buckow
26%
0603 Lankwitz
26%
0913 Grünau
25%
1102 Karlshorst
25%
0901 Alt-Treptow
24%
0103 Hansaviertel
24%
0304 Heinersdorf
24%
0606 Nikolassee
24%
1110 Alt-Hohenschönhausen
23%
0407 Halensee
23%
1112 Rummelsburg
23%
0906 Altglienicke
22%
0911 Friedrichshagen
22%
1206 Hermsdorf
22%
0905 Niederschöneweide
22%
0403 Schmargendorf
22%
0310 Französisch Buchholz
21%
1109 Neu-Hohenschönhausen
20%
0311 Niederschönhausen
20%
0903 Baumschulenweg
19%
1204 Heiligensee
19%
0313 Wilhelmsruh
19%
0303 Blankenburg
18%
0406 Charlottenburg-Nord
18%
0502 Haselhorst
18%
1208 Lübars
18%
0312 Rosenthal
18%
0308 Blankenfelde
17%
1106 Malchow
17%
0904 Johannisthal
16%
0902 Plänterwald
16%
0912 Rahnsdorf
16%
0915 Schmöckwitz
16%
1207 Waidmannslust
16%
0507 Hakenfelde
15%
1107 Wartenberg
15%
0508 Falkenhagener Feld
14%
1111 Fennpfuhl
14%
0914 Müggelheim
14%
0509 Wilhelmstadt
14%
1203 Konradshöhe
13%
1104 Falkenberg
12%
0908 Bohnsdorf
11%
1211 Borsigwalde
11%
0306 Stadtrandsiedlung Malchow
11%
Keine übereinstimmenden Quizze gefunden
Verteilung der Resultate
Anzahl Personen mit jedem Resultat
Perzentil nach korrekt beantworteten Fragen
Ihre Resultats-Entwicklung
Sie haben dieses Quiz noch nicht gespielt